Électricite' Industrtrielle Machines E'lectriques /
Đã lưu trong:
| Hovedforfatter: | |
|---|---|
| Andre forfattere: | |
| Format: | Bog |
| Sprog: | Vietnamese |
| Udgivet: |
Paris :
Librairie Delagrave ,
1969
|
| Fag: | |
| Tags: |
Tilføj Tag
Ingen Tags, Vær først til at tagge denne postø!
|
| Thư viện lưu trữ: | Thư viện Trường CĐ Kỹ Thuật Cao Thắng |
|---|
| LEADER | 00686nam a2200217 a 4500 | ||
|---|---|---|---|
| 001 | TVCDKTCT3433 | ||
| 003 | Thư viện trường Cao đẳng Kỹ thuật Cao Thắng | ||
| 005 | 20050926000000 | ||
| 008 | 050926 | ||
| 980 | \ | \ | |a Thư viện Trường CĐ Kỹ Thuật Cao Thắng |
| 024 | |a RG_1 #1 eb0 i1 | ||
| 041 | 0 | # | |a vie |
| 082 | # | # | |a 621.3 / |b B200L-e |
| 100 | 1 | # | |a M. Bellier |
| 245 | 0 | 0 | |a Électricite' Industrtrielle Machines E'lectriques / |c M. Bellier, A Galichon |
| 260 | # | # | |a Paris : |b Librairie Delagrave , |c 1969 |
| 300 | # | # | |a 128tr. ; |c 21,5cm |
| 650 | # | 4 | |a Điện |
| 650 | # | 4 | |a Máy phát điện |
| 650 | # | 4 | |a Điện công nghiệp |
| 700 | 0 | # | |a A Galichon |